000 005200000a22001930004500
001 000496
003 MACL
005 20150822110944.0
008 150822b xxu||||| |||| 00| 0 eng d
040 _aMACL
_cMACL
041 _aEnglish
082 _a613.704/ABH
100 _aAbhedananda, Swami
_95159
245 _aYoga
_bIts Theory And Practice
_cSwami Abhedananda
260 _aCalcutta
_c1997
_bRamakrishna Vedanta math,
350 _a80
650 _aMedical Science & Promotion Of Health
_96655
942 _k614
_cBK
_2ddc
999 _c497
_d497